| 000 | 00753nam a2200265 i 4500 | ||
|---|---|---|---|
| 001 | bg | ||
| 100 | 1 | _aKumider, Jan. | |
| 245 | 1 | 0 |
_aUtylizacja odpadów przemysłu rolno-spożywczego : _baspekty towaroznawcze i ekologiczne / _cJan Kumider. |
| 260 |
_aPoznań : _bWydaw. Akademii Ekonomicznej, _c1996. |
||
| 300 |
_a110 s. ; _c24 cm. |
||
| 504 | _aBibliogr. s. 104-110. | ||
| 650 | 9 |
_aOdpady _xtechnologia |
|
| 650 | 9 |
_aPrzemysł rolno-spożywczy _xhigiena |
|
| 650 | 9 |
_aŚrodowisko człowieka _xhigiena i ochrona |
|
| 020 | _a8385530630 | ||
| 040 | _cBPK | ||
| 041 | 0 | _apol | |
| 080 | _a663 | ||
| 080 | _a664 | ||
| 080 | _a628.5 | ||
| 080 | _a504 | ||
| 920 | _a83-85530-63-0 | ||
| 942 | _cKS | ||
| 008 | s pl f |000 0 pol | ||
| 999 |
_c33788 _d33788 |
||
| 856 |
_uhttp://koha.tu.koszalin.pl/cgi-bin/koha/opac-detail.pl?biblionumber=33788 _yKatalog online BPK |
||